[Event "Mittelfranken-chTB2a 1718"]
[Site "Mittelfranken"]
[Date "2017.10.08"]
[Round "1.5"]
[White "Dyroff, Roland"]
[Black "Margraf, Christoph"]
[Result "0-1"]
[WhiteElo "1780"]
[BlackElo "1855"]
[PlyCount "76"]
[EventDate "2017.10.08"]
[EventType "team-tourn"]
[EventRounds "9"]
[EventCountry "GER"]
[SourceTitle "EXT 2022"]
[Source "ChessBase"]
[SourceDate "2021.10.06"]
[SourceVersion "1"]
[SourceVersionDate "2021.10.06"]
[SourceQuality "1"]
[WhiteTeam "Nuernberg Sued SW IV"]
[BlackTeam "Bad Windsheim/Ansbach"]
[WhiteTeamCountry "GER"]
[BlackTeamCountry "GER"]

1. e4 e5 2. Nf3 Nc6 3. Bb5 Nf6 4. d3 Ne7 5. 0-0 Ng6 6. Nc3 c6 7. Ba4 Be7 8. Ne2 0-0 9. Ng3 d6 10. c3 Be6 11. Nf5 Qd7 12. Nxe7+ Qxe7 13. Ng5 Bd7 14. Bc2 h6 15. Nf3 Rad8 16. Kh1 Ne8 17. Ng1 Nc7 18. Ne2 f5 19. exf5 Bxf5 20. Ng3 Bd7 21. d4 Nf4 22. Bxf4 exf4 23. Qd3 g5 24. Rae1 Qf7 25. Ne4 Bf5 26. Qd1 Qg6 27. Bb3+ Kh8 28. f3 Rfe8 29. Re2 d5 30. Nf2 Rxe2 31. Qxe2 Re8 32. Qd2 Qe6 33. Bd1 Qe3 34. Qxe3 fxe3 35. Ne4 dxe4 36. Bc2 e2 37. Re1 exf3 38. Bxf5 f2 0-1

[Event "Mittelfranken-chTB2a 1617"]
[Site "Mittelfranken"]
[Date "2017.02.12"]
[Round "6.6"]
[White "Margraf, Christoph"]
[Black "Classen, Anton"]
[Result "1/2-1/2"]
[WhiteElo "1835"]
[BlackElo "1828"]
[PlyCount "30"]
[EventDate "2016.10.23"]
[EventType "team-tourn"]
[EventRounds "9"]
[EventCountry "GER"]
[SourceTitle "EXT 2022"]
[Source "ChessBase"]
[SourceDate "2021.10.06"]
[SourceVersion "1"]
[SourceVersionDate "2021.10.06"]
[SourceQuality "1"]
[WhiteTeam "Bad Windsheim/Ansbach"]
[BlackTeam "Buechenbach/Roth II"]
[WhiteTeamCountry "GER"]
[BlackTeamCountry "GER"]

1. d4 d5 2. Nc3 Bf5 3. f3 e6 4. e4 dxe4 5. fxe4 Bg6 6. Nf3 Bb4 7. Bd3 Ne7 8. Be3 0-0 9. 0-0 Nd7 10. Qe2 c5 11. a3 cxd4 12. Bxd4 Bc5 13. Bxc5 Nxc5 14. b4 Nxd3 15. cxd3 Nc6 1/2-1/2

[Event "Mittelfranken-chTB2a 1516"]
[Site "Mittelfranken"]
[Date "2015.11.08"]
[Round "2.7"]
[White "Goetz, Dieter"]
[Black "Margraf, Christoph"]
[Result "0-1"]
[WhiteElo "1828"]
[BlackElo "1862"]
[PlyCount "132"]
[EventDate "2015.10.18"]
[EventType "team-tourn"]
[EventRounds "9"]
[EventCountry "GER"]
[SourceTitle "EXT 2020"]
[Source "ChessBase"]
[SourceDate "2019.10.17"]
[SourceVersion "1"]
[SourceVersionDate "2019.10.17"]
[SourceQuality "1"]
[WhiteTeam "Nuernberg SK 1911"]
[BlackTeam "Bad Windsheim/Ansbach"]
[WhiteTeamCountry "GER"]
[BlackTeamCountry "GER"]

1. c4 Nc6 2. Nc3 e5 3. g3 f5 4. Bg2 Nf6 5. d3 Bb4 6. Bd2 0-0 7. e3 d6 8. Nge2 Kh8 9. 0-0 Ne7 10. a3 Bxc3 11. Nxc3 c6 12. e4 Be6 13. Qe2 Qd7 14. Rfe1 Rae8 15. Bg5 c5 16. Bxf6 Rxf6 17. Nd5 Bxd5 18. exd5 Ref8 19. f4 Ng6 20. Qf2 R6f7 21. b4 b6 22. Re2 Re7 23. Rae1 Rfe8 24. Bh3 exf4 25. Rxe7 Rxe7 26. Rxe7 Qxe7 27. gxf4 Qf6 28. Qe3 h6 29. Qe6 Qd4+ 30. Kf1 Qxd3+ 31. Kf2 Qd2+ 32. Kg1 Qc1+ 33. Bf1 Nxf4 34. Qc8+ Kh7 35. Qxf5+ Ng6 36. bxc5 bxc5 37. Qd3 Qg5+ 38. Bg2 Kg8 39. Qg3 Qxg3 40. hxg3 Ne5 41. Bf1 Kf7 42. Kf2 Kf6 43. Be2 Nd7 44. Ke3 Ke5 45. Kd3 Nf6 46. Bf3 Nh7 47. Ke3 Nf6 48. Kd3 Ng8 49. Ke3 Ne7 50. g4 Ng8 51. Be2 Nf6 52. Bf3 Nh7 53. Be4 Ng5 54. Bg2 g6 55. Bf1 h5 56. Be2 h4 57. Bf1 h3 58. a4 a5 59. Kf2 Kf4 60. Bd3 Ne4+ 61. Kg1 g5 62. Kh2 Nf2 63. Be2 Nxg4+ 64. Kxh3 Ne5 65. Kg2 Ke4 66. Bf1 Kd4 0-1

[Event "Bad Woerishofen op 31st"]
[Site "Bad Woerishofen"]
[Date "2015.03.05"]
[Round "7"]
[White "Jankowski, Moritz"]
[Black "Margraf, Christoph"]
[Result "1-0"]
[WhiteElo "1808"]
[BlackElo "1951"]
[PlyCount "43"]
[EventDate "2015.02.27"]
[EventType "swiss"]
[EventRounds "9"]
[EventCountry "GER"]
[SourceTitle "CBM 165 Extra"]
[Source "ChessBase"]
[SourceDate "2015.04.21"]
[SourceVersion "1"]
[SourceVersionDate "2015.04.21"]
[SourceQuality "1"]

1. e4 e5 2. Nf3 Nc6 3. Bc4 Nf6 4. Ng5 Bc5 5. 0-0 0-0 6. d3 d6 7. Nc3 h6 8. Nf3 Bg4 9. Be3 Nd4 10. Na4 Nxf3+ 11. gxf3 Bh3 12. Re1 Nh5 13. Nxc5 Nf4 14. Bxf4 exf4 15. Kh1 Qg5 16. Rg1 Qxc5 17. Qd2 g5 18. Qxf4 Qxf2 19. Rxg5+ Kh7 20. Rg3 Rg8 21. Qxf7+ Kh8 22. Rxg8+ 1-0

[Event "Bad Woerishofen op 31st"]
[Site "Bad Woerishofen"]
[Date "2015.02.27"]
[Round "1"]
[White "Felgendreher, Heiko"]
[Black "Margraf, Christoph"]
[Result "1-0"]
[WhiteElo "2230"]
[BlackElo "1951"]
[PlyCount "63"]
[EventDate "2015.02.27"]
[EventType "swiss"]
[EventRounds "9"]
[EventCountry "GER"]
[SourceTitle "CBM 165 Extra"]
[Source "ChessBase"]
[SourceDate "2015.04.21"]
[SourceVersion "1"]
[SourceVersionDate "2015.04.21"]
[SourceQuality "1"]

1. e4 e5 2. Nf3 Nc6 3. d4 exd4 4. Nxd4 Nf6 5. Nxc6 bxc6 6. e5 Qe7 7. Qe2 Nd5 8. c4 Ba6 9. Nd2 f6 10. exf6 Qxe2+ 11. Bxe2 Nf4 12. Bf1 gxf6 13. Ne4 Bb4+ 14. Kd1 Ne6 15. Nxf6+ Kf7 16. Ne4 Rad8 17. Ng5+ Nxg5 18. Bxg5 Rde8 19. Be3 c5 20. a3 Ba5 21. b4 Bb6 22. bxc5 Ba5 23. Be2 Rb8 24. Kc2 Bb7 25. Bh5+ Kf6 26. Bd4+ Kg5 27. Bxh8 Be4+ 28. Kd1 Kxh5 29. f3 Bd3 30. Bd4 Re8 31. Rc1 Re2 32. Bc3 1-0

[Event "Bad Woerishofen op 30th"]
[Site "Bad Woerishofen"]
[Date "2014.03.22"]
[Round "3"]
[White "Engl, Heinz"]
[Black "Margraf, Christoph"]
[Result "0-1"]
[WhiteElo "2084"]
[BlackElo "1937"]
[PlyCount "80"]
[EventDate "2014.03.21"]
[EventType "swiss"]
[EventRounds "9"]
[EventCountry "GER"]
[SourceTitle "CBM 159 Extra"]
[Source "ChessBase"]
[SourceDate "2014.04.24"]
[SourceVersion "1"]
[SourceVersionDate "2014.04.24"]
[SourceQuality "1"]

1. e4 e5 2. Nf3 Nc6 3. Bc4 Nf6 4. d3 Bc5 5. 0-0 d6 6. h3 Ne7 7. c3 Be6 8. Bxe6 fxe6 9. Ng5 Qd7 10. b4 Bb6 11. a4 a5 12. Qb3 d5 13. Re1 Ng6 14. exd5 exd5 15. d4 e4 16. Nf3 0-0 17. Nh2 c6 18. bxa5 Bc7 19. Nd2 Kh8 20. Ndf1 Nh5 21. c4 Nhf4 22. cxd5 cxd5 23. Bxf4 Nxf4 24. Ra2 Rxa5 25. f3 Nd3 26. Rb1 b6 27. Ne3 Qd6 28. Nef1 Qf6 29. Qc3 Rc5 30. Qa1 Rc4 31. Ng4 Qf4 32. Nge3 exf3 33. Nxc4 f2+ 34. Kh1 dxc4 35. Qc3 Rf6 36. Re2 g5 37. Qxc4 Ne1 38. Rbb2 Qh2+ 39. Nxh2 f1Q+ 40. Nxf1 Rxf1# 0-1

[Event "Bad Woerishofen op 28th"]
[Site "Bad Woerishofen"]
[Date "2012.03.04"]
[Round "3"]
[White "Margraf, Christoph"]
[Black "Guenther, Thomas"]
[Result "1/2-1/2"]
[WhiteElo "1934"]
[BlackElo "2085"]
[PlyCount "85"]
[EventDate "2012.03.02"]
[EventType "swiss"]
[EventRounds "9"]
[EventCountry "GER"]
[SourceTitle "EXT 2019"]
[Source "ChessBase"]
[SourceDate "2018.10.10"]
[SourceVersion "1"]
[SourceVersionDate "2018.10.10"]
[SourceQuality "1"]

1. c4 e5 2. Nc3 Nc6 3. g3 g6 4. Bg2 Bg7 5. e3 Nge7 6. Nge2 0-0 7. 0-0 d6 8. a3 Be6 9. Nd5 Qd7 10. Rb1 Nd8 11. d4 Nxd5 12. cxd5 Bh3 13. dxe5 Bxg2 14. Kxg2 dxe5 15. e4 c6 16. Nc3 Kh8 17. Bg5 f6 18. Be3 f5 19. f3 cxd5 20. Nxd5 Ne6 21. Rc1 f4 22. Bf2 g5 23. g4 b6 24. h4 Rac8 25. Rxc8 Rxc8 26. hxg5 Nxg5 27. Bh4 Ne6 28. Rh1 Qb5 29. Bf2 Qxb2 30. Nf6 Ng5 31. Qd7 Qc3 32. Rh3 Nxh3 33. Qf5 Ng5 34. Qxg5 Qc6 35. Nd5 Qe6 36. Qh4 Kg8 37. Ne7+ Kh8 38. Nxc8 Qxc8 39. Qe7 Qb8 40. Bh4 a6 41. Bf6 Bxf6 42. Qxf6+ Kg8 43. Qe6+ 1/2-1/2

[Event "Mittelfranken-chTB2a 1112"]
[Site "Germany"]
[Date "2012.02.26"]
[Round "7.2"]
[White "Ponnath, Lorenz"]
[Black "Margraf, Christoph"]
[Result "1/2-1/2"]
[WhiteElo "1906"]
[BlackElo "1849"]
[PlyCount "89"]
[EventDate "2011.09.25"]
[EventType "team-tourn"]
[EventRounds "9"]
[EventCountry "GER"]
[SourceTitle "EXT 2018"]
[Source "ChessBase"]
[SourceDate "2017.10.13"]
[SourceVersion "1"]
[SourceVersionDate "2017.10.13"]
[SourceQuality "1"]
[WhiteTeam "Bechhofen II"]
[BlackTeam "Ansbach"]
[WhiteTeamCountry "GER"]
[BlackTeamCountry "GER"]

1. e4 e5 2. f4 exf4 3. Bc4 Nf6 4. Nc3 c6 5. Qe2 Bb4 6. e5 0-0 7. Nf3 d5 8. Bb3 Bg4 9. 0-0 Bc5+ 10. Kh1 Re8 11. d3 Nh5 12. Qe1 Nd7 13. Bxf4 Nxf4 14. Qg3 Bxf3 15. Qxf3 Ng6 16. Qxf7+ Kh8 17. e6 Nf6 18. Qxb7 Rxe6 19. Ne4 Nxe4 20. dxe4 Rb8 21. Qa6 Qg5 22. exd5 Nh4 23. g3 Qe5 24. Qd3 cxd5 25. gxh4 Rd8 26. Rad1 Qh5 27. Qf5 Qxf5 28. Rxf5 Be7 29. Bxd5 Re2 30. Kg1 Bc5+ 31. Kf1 Rxh2 32. a3 g6 33. Rf7 Rh1+ 34. Bxh1 Rxd1+ 35. Kg2 Rd2+ 36. Kh3 Rxc2 37. Rc7 Rc1 38. Be4 Be3 39. Bc2 Rh1+ 40. Kg3 Bb6 41. Re7 Rg1+ 42. Kf3 Rf1+ 43. Kg4 Rg1+ 44. Kf4 Rf1+ 45. Kg4 1/2-1/2

[Event "Mittelfranken-chTB2a 1011"]
[Site "Germany"]
[Date "2011.04.03"]
[Round "8.3"]
[White "Margraf, Christoph"]
[Black "Lingg, Erich"]
[Result "0-1"]
[WhiteElo "1831"]
[BlackElo "1829"]
[PlyCount "72"]
[EventDate "2010.09.26"]
[EventType "team-tourn"]
[EventRounds "9"]
[EventCountry "GER"]
[SourceTitle "EXT 2012"]
[Source "ChessBase"]
[SourceDate "2011.11.24"]
[SourceVersion "1"]
[SourceVersionDate "2011.11.24"]
[SourceQuality "1"]
[WhiteTeam "Ansbach"]
[BlackTeam "Kirchehrenbach/Ebermannstadt"]
[WhiteTeamCountry "GER"]
[BlackTeamCountry "GER"]

1. c4 Nf6 2. Nc3 c5 3. g3 Nc6 4. Bg2 g6 5. a3 Bg7 6. Rb1 0-0 7. e3 d6 8. Nge2 Ne5 9. d3 Bf5 10. e4 Bg4 11. 0-0 Bf3 12. Bxf3 Nxf3+ 13. Kg2 Ne5 14. b4 b6 15. b5 Qc8 16. h3 Nh5 17. Nd5 Re8 18. f4 Nd7 19. g4 Nhf6 20. Ne3 Qb7 21. Ng3 Nf8 22. g5 N6d7 23. Kh2 Ne6 24. Nd5 Nd4 25. f5 e6 26. fxe6 fxe6 27. Nf6+ Nxf6 28. gxf6 Bxf6 29. Rxf6 Qe7 30. Bg5 Qg7 31. Rf2 Rf8 32. Be3 Rxf2+ 33. Bxf2 Rf8 34. Rb2 Nf3+ 35. Kg2 Nh4+ 36. Kh1 Qxb2 0-1

[Event "Mittelfranken-chTB2a 1011"]
[Site "Germany"]
[Date "2010.09.26"]
[Round "1.3"]
[White "Koerber, Thomas"]
[Black "Margraf, Christoph"]
[Result "0-1"]
[WhiteElo "1789"]
[BlackElo "1831"]
[PlyCount "90"]
[EventDate "2010.09.26"]
[EventType "team-tourn"]
[EventRounds "9"]
[EventCountry "GER"]
[SourceTitle "EXT 2012"]
[Source "ChessBase"]
[SourceDate "2011.11.24"]
[SourceVersion "1"]
[SourceVersionDate "2011.11.24"]
[SourceQuality "1"]
[WhiteTeam "Fuerth II"]
[BlackTeam "Ansbach"]
[WhiteTeamCountry "GER"]
[BlackTeamCountry "GER"]

1. d4 d5 2. Nf3 Nf6 3. e3 Bf5 4. c4 c6 5. Qb3 Qb6 6. Nc3 e6 7. c5 Qxb3 8. axb3 Nbd7 9. b4 Be7 10. Be2 0-0 11. b5 Ne4 12. 0-0 Nxc3 13. bxc3 cxb5 14. Bxb5 Nb8 15. Ba3 a6 16. Bb4 f6 17. Nh4 Bg4 18. h3 Bh5 19. g4 Be8 20. Bd3 Nc6 21. Ng2 Bg6 22. Nf4 Bxd3 23. Nxd3 Bd8 24. Rab1 Bc7 25. f4 f5 26. Kf2 Rab8 27. Rg1 g6 28. Rg2 Kf7 29. Kf3 Ke7 30. g5 Kf7 31. h4 Kg7 32. Rh2 Rh8 33. h5 h6 34. Rg1 Bd8 35. gxh6+ Rxh6 36. Rhg2 g5 37. fxg5 Rxh5 38. Nf4 Rh8 39. Nxe6+ Kg8 40. Nf4 Ne7 41. Kg3 Bc7 42. Rh2 Rxh2 43. Kxh2 Ng6 44. Kg3 Re8 45. Rf1 Rxe3+ 0-1

[Event "Bad Woerishofen op 26th"]
[Site "Bad Woerishofen"]
[Date "2010.03.10"]
[Round "5"]
[White "Lamberger, Werner"]
[Black "Margraf, Christoph"]
[Result "0-1"]
[WhiteElo "2064"]
[BlackElo "1935"]
[PlyCount "50"]
[EventDate "2010.03.06"]
[EventType "swiss"]
[EventRounds "9"]
[EventCountry "GER"]
[SourceTitle "CBM 135 Extra"]
[Source "ChessBase"]
[SourceDate "2010.05.04"]
[SourceVersion "1"]
[SourceVersionDate "2010.05.04"]
[SourceQuality "1"]

1. Nf3 d5 2. d4 Nf6 3. e3 Bf5 4. c4 c6 5. Nc3 e6 6. Be2 Be7 7. 0-0 h6 8. Ne5 Nbd7 9. f4 Ne4 10. Nxe4 Bxe4 11. Bd3 Nf6 12. c5 Bxd3 13. Nxd3 Ne4 14. b4 a6 15. a4 0-0 16. Bd2 Qe8 17. Qe2 Bd8 18. Rfb1 Bc7 19. Be1 f6 20. Nf2 Qg6 21. Qc2 e5 22. Nxe4 exf4 23. exf4 Bxf4 24. Nxf6+ Qxf6 25. Qd3 Be3+ 0-1

[Event "Mittelfranken-ch HT 58th"]
[Site "Postbauer"]
[Date "2009.04.09"]
[Round "6.11"]
[White "Vogiatzis, Dimitrios"]
[Black "Margraf, Christoph"]
[Result "1-0"]
[WhiteElo "2005"]
[BlackElo "1839"]
[PlyCount "77"]
[EventDate "2009.04.07"]
[EventType "swiss"]
[EventRounds "9"]
[EventCountry "GER"]
[SourceTitle "EXT 2011"]
[Source "ChessBase"]
[SourceDate "2010.11.26"]
[SourceVersion "1"]
[SourceVersionDate "2010.11.26"]
[SourceQuality "1"]

1. e4 c5 2. b4 cxb4 3. a3 Nf6 4. e5 Nd5 5. axb4 Qc7 6. Nf3 Nc6 7. d4 e6 8. c3 a6 9. Bd2 Rb8 10. Bd3 b5 11. 0-0 Bb7 12. Ng5 f5 13. exf6 Nxf6 14. f4 Ne7 15. f5 h6 16. Bf4 Qc6 17. Nf3 Rc8 18. Qe2 Ned5 19. Bd2 Be7 20. Ne5 Qd6 21. Ng6 Rg8 22. Ne5 Rf8 23. fxe6 dxe6 24. Bg6+ Kd8 25. Nf7+ Rxf7 26. Bxf7 Nxb4 27. Bf4 Qb6 28. Bxe6 Ra8 29. cxb4 Qxd4+ 30. Qe3 Qxa1 31. Qb6+ Ke8 32. Qxb7 Qd4+ 33. Kh1 Rd8 34. Qc6+ Kf8 35. Qf3 g5 36. Bc7 Kg7 37. Bxd8 Bxd8 38. Qb7+ Kh8 39. Qf7 1-0